| 000 | 00679nam a22002057a 4500 | ||
|---|---|---|---|
| 999 |
_c12723 _d12723 |
||
| 003 | AR-CdUCM | ||
| 008 | 190410b ||||| |||| 00| 0 spa d | ||
| 040 |
_aMUNICIPALIDAD PROVINCIAL DEL CUSCO _cBIBLIOTECA MUNICIPAL DEL CUSCO |
||
| 082 |
_22ed. _a868.6 / _bG22 / 1947 |
||
| 100 |
_aGarcía Lorca, Federico _96798 |
||
| 245 |
_aBodas de sangre : _bTragedia en tres actos y siete cuadros (1933) / |
||
| 260 |
_aBuenos Aires : _bLosada, _c1947. |
||
| 300 |
_a129 páginas ; _c17 cm. |
||
| 440 |
_aBiblioteca Contemporánea _927761 |
||
| 505 | _aContenido: Teatro. | ||
| 650 |
_aTeatro español _9648 |
||
| 650 |
_aSiglo XX _98 |
||
| 942 |
_2ddc _cLIBROS |
||
| 945 |
_aachl _d2019-04-10 |
||